[Event "AUTO-ELITE-1745"]
[Site "http://www.queenalice.com/game.php?id=1481080"]
[Date "2017.6.4"]
[Round "2"]
[White "preggo"]
[Black "Suso71"]
[Result "1/2-1/2"]
[WhiteElo "2463"]
[BlackElo "2847"]

1. d4 Nf6 2. c4 g6 3. Nc3 d5 4. cxd5 Nxd5 5. e4 Nxc3 6. bxc3 Bg7 7. Nf3 O-O 8.
Be2 c5 9. O-O b6 10. Bg5 cxd4 11. cxd4 Bb7 12. Qd3 Nc6 13. d5 Nb4 14. Qd2 Bxa1
15. Rxa1 Na6 16. Bh6 Nc5 17. Qd4 f6 18. Bxf8 Qxf8 19. Bc4 Re8 20. Qe3 Ba6 21.
Bxa6 Nxa6 22. Qa3 Nc5 23. Qxa7 Rb8 24. Nd2 Qd8 25. Qa3 Ra8 26. Qb2 Ra4 27. Re1
Qc7 28. h3 Qa7 29. d6 e5 30. Rc1 Rxa2 31. d7 Nxd7 32. Rc8+ Kg7 33. Qb3 Nf8 34.
Qc4 Qa3 35. Qc7+ Kh6 36. Qd8 Qb4 37. Qxf6 Rxd2 38. Rxf8 Rd7 39. Re8 Qxe4 40.
Rxe5 Qa8 41. Qh4+ Kg7 42. Re7+ Rxe7 43. Qxe7+ Kg8 44. Qe6+ Kg7 45. Qxb6 Qd5 46.
Qa7+ Kg8 47. Qe3 Qd8 48. g4 Kg7 49. Qe5+ Kf7 50. g5 Kg8 51. Kg2 Kf7 52. Kg3 Qd7
53. h4 Kg8 54. Qb8+ Kg7 55. Qe5+ Kg8 56. Qb8+ Kg7 57. Qe5+ Kg8 1/2-1/2

[Event "AUTO-OPEN-3933"]
[Site "http://www.queenalice.com/game.php?id=1527558"]
[Date "2018.5.17"]
[Round "1"]
[White "jiba45"]
[Black "preggo"]
[Result "0-1"]
[WhiteElo "2229"]
[BlackElo "2470"]

1. d4 Nf6 2. c4 g6 3. Nc3 Bg7 4. e4 d6 5. Nf3 O-O 6. Be2 e5 7. Be3 c6 8. h3 exd4
9. Nxd4 Re8 10. Bf3 Nbd7 11. O-O Nc5 12. Qc2 Qe7 13. Bg5 Qe5 14. Bxf6 Qxf6 15.
Rad1 a5 16. Rfe1 a4 17. Nde2 Bxh3 18. b4 axb3 19. axb3 Nd7 0-1

[Event "AUTO-OPEN-3933"]
[Site "http://www.queenalice.com/game.php?id=1527559"]
[Date "2018.5.17"]
[Round "1"]
[White "preggo"]
[Black "jiba45"]
[Result "1-0"]
[WhiteElo "2473"]
[BlackElo "2273"]

1. e4 e6 2. d4 d5 3. Nc3 c5 4. exd5 exd5 5. dxc5 d4 6. Ne4 Bf5 7. Ng3 Bg6 8. Nf3
Bxc5 9. Bd3 Ne7 10. O-O O-O 11. Ne4 Bb6 12. Nh4 Nbc6 13. Nxg6 Nxg6 14. Qh5 Qh4
15. Qxh4 Nxh4 16. Bf4 Ng6 17. Bd6 Rfd8 18. f4 Nge7 19. f5 Nd5 20. a4 Ne3 21. Rf2
Rac8 22. g3 Bc7 23. Ba3 Ne5 24. f6 Nxd3 25. cxd3 Be5 26. fxg7 Rc6 27. b4 Bxg7
28. b5 Rg6 29. Rc1 Nd5 30. Rfc2 h5 31. Rc8 Rxc8 32. Rxc8+ 1-0

[Event "AUTO-OPEN-3933"]
[Site "http://www.queenalice.com/game.php?id=1527586"]
[Date "2018.5.17"]
[Round "1"]
[White "preggo"]
[Black "Torbencarlsen"]
[Result "1-0"]
[WhiteElo "2479"]
[BlackElo "1658"]

1. e4 c5 2. Nf3 d6 3. d4 cxd4 4. Nxd4 Nf6 5. Nc3 a6 6. Bg5 e6 7. f4 Qb6 8. Nb3
Nbd7 9. Qf3 Be7 10. O-O-O Qc7 11. Bd3 h6 12. Qh3 Rg8 13. Bh4 g5 14. fxg5 hxg5
15. Be1 b5 16. a3 Ne5 17. Qe3 Nfg4 18. Qe2 Qb6 19. Rd2 Qe3 20. Qd1 Bd7 21. Bg3
Nxd3+ 22. cxd3 Nf6 23. Bf2 Qf4 24. Qg1 Rc8 25. Kb1 Ng4 26. Bd4 Ne5 27. Rf2 Qg4
28. Bxe5 dxe5 29. Rc2 b4 30. axb4 Bxb4 31. Qb6 Be7 32. Na5 f6 33. Qb7 Rc5 34.
Nc4 Rg7 35. Rf1 1-0

[Event "AUTO-OPEN-3933"]
[Site "http://www.queenalice.com/game.php?id=1527587"]
[Date "2018.5.17"]
[Round "1"]
[White "Torbencarlsen"]
[Black "preggo"]
[Result "0-1"]
[WhiteElo "1656"]
[BlackElo "2480"]

1. e4 c5 2. Nf3 d6 3. d4 cxd4 4. Nxd4 Nf6 5. Nc3 a6 6. Be3 e5 7. Nb3 Be6 8. f3
h5 9. Nd5 Bxd5 10. exd5 Nbd7 11. Qd2 g6 12. O-O-O Bg7 13. Qb4 Qc7 14. Na5 b5 15.
Kb1 O-O 16. Nc6 Rfe8 17. c4 bxc4 18. Bxc4 a5 19. Qa3 e4 20. Rd2 Ne5 21. Nxe5
Rxe5 22. Rc2 exf3 23. gxf3 Qd8 24. Rd1 Rf5 25. Bf2 Rb8 26. Be1 Qe7 27. Bh4 a4
28. Bg3 Ne8 29. Qxa4 Rxf3 30. Bb3 Re3 31. Qf4 Re4 32. Qf3 Rbb4 0-1

[Event "AUTO-OPEN-3933"]
[Site "http://www.queenalice.com/game.php?id=1527588"]
[Date "2018.5.17"]
[Round "1"]
[White "preggo"]
[Black "Clauceri"]
[Result "1-0"]
[WhiteElo "2477"]
[BlackElo "1848"]

1. e4 c5 2. Nf3 Nc6 3. d4 cxd4 4. Nxd4 e5 5. Nb5 a6 6. Nd6+ Bxd6 7. Qxd6 Qe7 8.
Qd3 Nf6 9. Nc3 O-O 10. Be2 Rd8 11. O-O d5 12. Bg5 dxe4 13. Qe3 Nd4 14. Nxe4 Nxc2
15. Bxf6 Nxe3 16. Bxe7 Nxf1 17. Bxd8 Bf5 18. Bc7 Bxe4 19. Kxf1 Rc8 20. Bxe5 f6
21. Bc3 b5 22. Rd1 Re8 23. Bg4 1-0

[Event "AUTO-OPEN-3933"]
[Site "http://www.queenalice.com/game.php?id=1527589"]
[Date "2018.5.17"]
[Round "1"]
[White "Clauceri"]
[Black "preggo"]
[Result "0-1"]
[WhiteElo "1895"]
[BlackElo "2478"]

1. c4 Nf6 2. Nf3 g6 3. d4 Bg7 4. Nc3 O-O 5. e4 d6 6. Bd3 c5 7. d5 Bg4 8. h3 Bxf3
9. Qxf3 Nbd7 10. O-O Ne5 11. Qe2 Nxd3 12. Qxd3 Nd7 13. Be3 a6 14. Rab1 Ne5 15.
Qe2 b5 16. cxb5 axb5 17. Qxb5 Qa5 18. f4 Qxb5 19. Nxb5 Nc4 20. Bc1 Rfb8 21. Nc7
Rxa2 22. b3 Ra7 23. bxc4 Rxb1 24. Nb5 Raa1 0-1

[Event "AUTO-ELITE-2127"]
[Site "http://www.queenalice.com/game.php?id=1574599"]
[Date "2019.6.16"]
[Round "1"]
[White "preggo"]
[Black "Kuarwaki"]
[Result "0-1"]
[WhiteElo "2479"]
[BlackElo "2732"]

1. e4 c5 2. Nf3 d6 3. d4 cxd4 4. Nxd4 Nf6 5. Nc3 a6 6. Bg5 e6 7. f4 h6 8. Bh4
Qb6 9. a3 Be7 10. Bf2 Qc7 11. Qf3 Nbd7 12. O-O-O b5 13. g4 g5 14. h4 gxh4 15.
Bxh4 Bb7 16. Bg5 O-O-O 0-1

[Event "AUTO-ELITE-2127"]
[Site "http://www.queenalice.com/game.php?id=1574600"]
[Date "2019.6.16"]
[Round "1"]
[White "Kuarwaki"]
[Black "preggo"]
[Result "1-0"]
[WhiteElo "2735"]
[BlackElo "2476"]

1. a3 d5 2. d4 c6 3. Nc3 Bf5 4. f3 Nf6 5. g4 Bg6 6. g5 Nh5 7. f4 c5 8. e3 Nc6 9.
Be2 Nxf4 10. exf4 cxd4 11. Na2 e6 12. Nf3 Qb6 13. Bd3 Be7 14. O-O a5 15. b4 Bxd3
16. Qxd3 1-0